[Event "CRO-chT4A Center"]
[Site "Zagreb"]
[Date "2010.04.25"]
[Round "5.61"]
[White "Brkic, Djordje2222"]
[Black "Bacic, Mile"]
[Result "1/2-1/2"]
[WhiteElo "2165"]
[BlackElo "1953"]
[PlyCount "144"]
[EventDate "2010.03.21"]
[EventType "team-tourn"]
[EventRounds "11"]
[EventCountry "CRO"]
[SourceTitle "EXT 2012"]
[Source "ChessBase"]
[SourceDate "2011.11.24"]
[SourceVersion "1"]
[SourceVersionDate "2011.11.24"]
[SourceQuality "1"]

1. e4 e5 2. Nf3 d6 3. d4 Nf6 4. Nc3 Nbd7 5. Bc4 h6 6. 0-0 c6 7. Bb3 Qc7 8. a4 a5 9. h3 Be7 10. Be3 0-0 11. Qd2 Kh7 12. Nh2 Ng8 13. f4 b6 14. Ng4 Ndf6 15. Nh2 Bd7 16. fxe5 dxe5 17. dxe5 Qxe5 18. Bf4 Bc5+ 19. Kh1 Qd4 20. Qe2 Be6 21. Nf3 Qd7 22. Rad1 Qc8 23. e5 Ne8 24. Qe4+ g6 25. Bc4 Ng7 26. Bxe6 Nxe6 27. Bc1 Ra7 28. Ne2 Rd8 29. Qh4 Be7 30. Qf2 Bc5 31. Qh4 Be7 32. Qe4 Rad7 33. Rxd7 Qxd7 34. Nfd4 Bg5 35. Bxg5 hxg5 36. Nxc6 Rc8 37. Ncd4 Kg7 38. c3 Nc5 39. Qe3 Qe7 40. b3 Re8 41. Qf3 Nh6 42. Nc6 g4 43. Qf2 Qg5 44. h4 Qf5 45. Nf4 Ne4 46. Qe3 g3 47. Ne6+ Qxe6 48. Qxe4 Ng4 49. Qf3 Nf2+ 50. Kg1 Qxb3 51. Qxg3 Ne4 52. Qd3 Nc5 53. Qd4 Qxa4 54. Qd5 Ne6 55. Nd4 Re7 56. Qf3 Qd7 57. Qf6+ Kg8 58. Nf3 Ng7 59. Qxb6 Qa7 60. Qxa7 Rxa7 61. Ra1 Ne6 62. Nd4 Nf4 63. Kf1 Ra6 64. Ra4 Nd3 65. Nb3 Rc6 66. Rxa5 Rxc3 67. Nd4 Rc4 68. Nf3 Re4 69. g3 Re3 70. Kg2 Re2+ 71. Kg1 Re3 72. Kg2 Re2+ 1/2-1/2